Silenciando el pasado. El poder y la producción de la Historia

محفوظ في:
التفاصيل البيبلوغرافية
المؤلف الرئيسي: Trouillot, Michel-Rolph (autor)
مؤلفون آخرون: Arco Blanco, Miguel Ángel del (traducción)
التنسيق: غير معروف
اللغة:الإنجليزية
منشور في: Granada, España: Comares, 2017
سلاسل:Comares Historia
الموضوعات:
الوسوم: إضافة وسم
لا توجد وسوم, كن أول من يضع وسما على هذه التسجيلة!

MARC

LEADER 00000 a2200000 4500
003 CL-VaPUC
005 20220407082900.0
008 220301b2017 ||||| |||| 00| 0 eng d
999 |c 434611  |d 434609 
020 |a 978-84-9045-513-5 
040 |c Pontificia Universidad Católica de Valparaíso 
082 |a 901 TRO 2017  |2 22 
100 1 |a Trouillot, Michel-Rolph  |9 866734  |e autor 
245 1 0 |a Silenciando el pasado.   |b El poder y la producción de la Historia 
260 |a Granada, España:  |b Comares,  |c 2017 
300 |a XXVIII, 151 páginas 
490 |a Comares Historia 
583 |k Sebastián Perez  |c 20220301 
650 0 |a Historicismo  |9 318908 
650 0 |a Historiografía   |9 257871 
650 0 |a Poder   |x Filosofía   |9 867172 
700 1 |a Arco Blanco, Miguel Ángel del   |e traducción  |9 866781 
942 |2 ddc  |c BK 
952 |0 0  |1 0  |2 ddc  |4 0  |6 901_000000000000000_TRO_2017  |7 0  |8 A  |9 581550  |a BIBHIS  |b BIBHIS  |c GEN  |d 2022-03-01  |e 3  |g 27112.00  |i 5647681  |l 5  |m 2  |o 901 TRO 2017  |p 5647681  |r 2025-01-20  |s 2023-05-12  |t 1  |v 27112.00  |w 2022-03-01  |y BK  |k HIS